000 00461nam a2200133 a 4500
008 120416s1957 ||||||||||||||||| || u
050 _aHB 99 All
100 _aAllen, Roy George Douglas
245 1 0 _aMathematical economics
260 _aLondon
_bMacmillan
_c1957
300 _a768p. : ill.
350 _a0.00
995 _D0.00
_FCBU-MAIN LIBRARY (Kitwe)
_H1
_I0.00
_UAVAILABLE
_ZAnnex Low-Usage Collection
999 _c50647
_d50647